Central Library OPAC University of Rajshahi

Leaders of the French revolution / (Record no. 25582)

MARC details
000 -LEADER
fixed length control field 00760cam a2200241u 4500
001 - CONTROL NUMBER
control field 25582
003 - CONTROL NUMBER IDENTIFIER
rucl marc code BD-RjUL
005 - DATE AND TIME OF LATEST TRANSACTION
control field 20211209050911.0
008 - FIXED-LENGTH DATA ELEMENTS--GENERAL INFORMATION
fixed length control field 140318r19481929enkc 001 0ceng d
035 ## - SYSTEM CONTROL NUMBER
System control number (BD-RjUL)25652
040 ## - CATALOGING SOURCE
Original cataloging agency DLC
Transcribing agency CarP
Modifying agency DLC
-- BD-RjUL
Language of cataloging eng
041 ## - LANGUAGE CODE
Language code of text/sound track or separate title eng
082 00 - DEWEY DECIMAL CLASSIFICATION NUMBER
Classification number 944.04
Author mark and year THL 1948
100 1# - MAIN ENTRY--PERSONAL NAME
Personal name Thompson, James Matthew,
Dates associated with a name 1878- [from old catalog]
9 (RLIN) 78646
245 10 - TITLE STATEMENT
Title Leaders of the French revolution /
Statement of responsibility, etc. James Matthew Thompson,
260 ## - PUBLICATION, DISTRIBUTION, ETC. (IMPRINT)
Place of publication, distribution, etc. Oxford :
Name of publisher, distributor, etc. B. Blackwell,
Date of publication, distribution, etc. 1929. [Reprinted 1948]
300 ## - PHYSICAL DESCRIPTION
Pagination xiv, 272 p. :
Illustrations front., ports. ;
Size 23 cm.
504 ## - BIBLIOGRAPHY, ETC. NOTE
Bibliography, etc Includes Index
651 #0 - SUBJECT ADDED ENTRY--GEOGRAPHIC NAME
Geographic name France
General subdivision History
Form subdivision Revolution, 1789-1799
-- Biography.
9 (RLIN) 78647
942 ## - ADDED ENTRY ELEMENTS (KOHA)
Source of classification or shelving scheme Dewey Decimal Classification
Koha item type Books
Holdings
Lost status Source of classification or shelving scheme Damaged status Not for loan Collection code Permanent Location Current Location Shelving location Date acquired Source of acquisition Cost, normal purchase price Total Checkouts Full call number Date last seen Copy number Koha item type
  Dewey Decimal Classification   Added to bundle Non-fiction Central Library, University of Rajshahi Central Library, University of Rajshahi Reading Room 15/09/1955 B. H. Black Well 0.12   944.04 THL 1948 18/03/2014 C-1 Books